000
00310nam a2200145Ia 4500
100
_a
Holm/ W.A.
650
_a
Electrical Engineering
942
_c
BK
654
_a
television
245
_a
How television works
260
_b
Philips
_a
Bombay
_c
1976
082
_a
621.38
300
_a
351
546
_a
ENGLISH
999
_c
30684
_d
30684